'A' in Europe Quiz Stats

Quiz Updated May 21, 2015

Challenge
Share
Tweet
Embed
Score 0/16 Timer 05:00
8 Plays Today
Hint Answer % Correct
In which city can the Acropolis and the Parthenon be found?Athens
98.2%
Which ocean borders Spain and Portugal?Atlantic Ocean
90.2%
Which mountain range is the highest and most extensive range that lies entirely within Europe?Alps
85.6%
Which landlocked country is located in the Pyrenees mountains?Andorra
82.6%
Which country ceased to exist from 1938 until 1945?Austria
80.8%
In which city can the Rijksmuseum and the Oude Kerk be found?Amsterdam
76%
Which sea lies between Italy and the Balkan Peninsula?Adriatic Sea
69.8%
Of which country was Zog I king from 1928 until 1939?Albania
69.8%
Hint Answer % Correct
Which city is Scotland's third most populous and nicknamed the 'Granite City'?Aberdeen
63.3%
Which Belgian city on the river Scheldt is linked to the North Sea by the Westerschelde estuary?Antwerp
61%
Which sea lies between mainland Greece and Turkey?Aegean Sea
59.3%
Strasbourg is the capital of which northeastern French region that borders both Germany and Switzerland?Alsace
58.3%
Seville is the capital of which autonomous community in southern Spain?Andalusia
51.5%
Which monument to soldiers fallen in the French Revolutionary and Napoleonic Wars is the tallest structure of its kind in Europe?Arc de Triomphe
40.2%
Which mountain range is called the 'Backbone of Italy'?Apennine Mountains
40.1%
Which 'impenetrable' forest region of Belgium and Luxembourg did the Nazis break through in their attack on France in 1940?Ardennes
38.5%

You're not logged in!

Compare scores with friends on all Sporcle quizzes.
Join for Free
OR
Log In

You Might Also Like...

Show Comments

Extras

Top Quizzes Today


Score Distribution

Your Account Isn't Verified!

In order to create a playlist on Sporcle, you need to verify the email address you used during registration. Go to your Sporcle Settings to finish the process.

Report this User

Report this user for behavior that violates our Community Guidelines.

Details: